Obstetricsby ten teachers. / (Record no. 8547)
[ view plain ]
| 000 -LEADER | |
|---|---|
| fixed length control field | 00960cam a22001697a 4500 |
| 020 ## - INTERNATIONAL STANDARD BOOK NUMBER | |
| ISBN | 9781032058290 |
| 050 00 - CALL NUMBER | |
| Classification number | RG524 |
| Item number | .Ob7 |
| 245 00 - TITLE | |
| Title | Obstetricsby ten teachers. / |
| Statement of responsibility, etc | edited by Louise C Kenny |
| 250 ## - EDITION | |
| Edition statement | 17th ed. / |
| 260 ## - PUBLICATION INFORMATION | |
| Place of publication | London : |
| Name of publisher | Arnold ; |
| Place of publication | New York : |
| Name of publisher | co-published in the USA by Oxford University Press, |
| Year of publication | 2000. |
| 300 ## - DESCRIPTION | |
| Number of Pages | viii, 374 p. : |
| Other physical details | ill. (chiefly col.) ; |
| Dimensions | 25 cm. |
| 500 ## - NOTES | |
| General note | Includes index. |
| 505 ## - FORMATTED CONTENTS NOTE | |
| Table of Content | 1. Obstetrics history and examination<br/>2. Antenatal care<br/>3. Normal fetal development and growth<br/>4. Assessment of fetal well being<br/>5. Prenatal diagnosis<br/>6. Antenatal obstetric complications<br/>7. Multiple pregnancy<br/>8. Preterm labour<br/>9. Hypertensive disorders of pregnancy<br/>10. Medical complications of pregnancy<br/>11. Perinatal Infections<br/>12. Labour: normal and abnormal<br/>13. Operative delivery<br/>14. Obstetric emergencies<br/>15. Puerperium<br/>16. Neonates<br/> |
| 650 #0 - SUBJECTS | |
| Topical Term | Obstetrics. |
| 942 ## - ADDED ENTRY ELEMENTS (KOHA) | |
| Koha item type | Books |
| Withdrawn status | Lost status | Collection code | Home library | Current library | Shelving location | Date acquired | Source of acquisition | Full call number | Accession Number | Koha item type |
|---|---|---|---|---|---|---|---|---|---|---|
| Reference | Methodist University Library Main | Methodist University Library Main | Processing Center | 31/03/2026 | Affordable pages | RG524 .Ob7 | 9340 | Books | ||
| Reference | Methodist University Library Main | Methodist University Library Main | Processing Center | 31/03/2026 | Affordable pages | RG524 .Ob7 | 9341 | Books |